<?xml version="1.0" encoding="UTF-8"?>
<record
    xmlns:xsi="http://www.w3.org/2001/XMLSchema-instance"
    xsi:schemaLocation="http://www.loc.gov/MARC21/slim http://www.loc.gov/standards/marcxml/schema/MARC21slim.xsd"
    xmlns="http://www.loc.gov/MARC21/slim">

  <leader>02402cam a22003377a 4500</leader>
  <controlfield tag="001">18165575</controlfield>
  <controlfield tag="003">OSt</controlfield>
  <controlfield tag="005">20150408114230.0</controlfield>
  <controlfield tag="008">140527t20142014ne a     b    001 0 eng d</controlfield>
  <datafield tag="010" ind1=" " ind2=" ">
    <subfield code="a">  2013454966</subfield>
  </datafield>
  <datafield tag="016" ind1="7" ind2=" ">
    <subfield code="a">016472972</subfield>
    <subfield code="2">Uk</subfield>
  </datafield>
  <datafield tag="020" ind1=" " ind2=" ">
    <subfield code="a">9781455731893</subfield>
  </datafield>
  <datafield tag="020" ind1=" " ind2=" ">
    <subfield code="a">1455731897</subfield>
  </datafield>
  <datafield tag="035" ind1=" " ind2=" ">
    <subfield code="a">(OCoLC)ocn868887995</subfield>
  </datafield>
  <datafield tag="040" ind1=" " ind2=" ">
    <subfield code="a">IND</subfield>
    <subfield code="c">IND</subfield>
    <subfield code="d">YDXCP</subfield>
    <subfield code="d">BTCTA</subfield>
    <subfield code="d">UKMGB</subfield>
    <subfield code="d">CUD</subfield>
    <subfield code="d">DLC</subfield>
    <subfield code="e">rda</subfield>
  </datafield>
  <datafield tag="042" ind1=" " ind2=" ">
    <subfield code="a">lccopycat</subfield>
  </datafield>
  <datafield tag="050" ind1="0" ind2="0">
    <subfield code="a">T174.7</subfield>
    <subfield code="b">.R36 2014</subfield>
  </datafield>
  <datafield tag="082" ind1="0" ind2="4">
    <subfield code="a">620.5</subfield>
    <subfield code="2">23</subfield>
    <subfield code="b">RJA</subfield>
  </datafield>
  <datafield tag="100" ind1="1" ind2=" ">
    <subfield code="a">Ramsden, Jeremy.</subfield>
  </datafield>
  <datafield tag="245" ind1="1" ind2="0">
    <subfield code="a">Applied nanotechnology :</subfield>
    <subfield code="b">the conversion of research results to products /</subfield>
    <subfield code="c">Jeremy J. Ramsden, University of Buckingham, Buckingham, UK.</subfield>
  </datafield>
  <datafield tag="250" ind1=" " ind2=" ">
    <subfield code="a">Second edition.</subfield>
  </datafield>
  <datafield tag="300" ind1=" " ind2=" ">
    <subfield code="a">xvi, 217 pages :</subfield>
    <subfield code="b">illustrations ;</subfield>
    <subfield code="c">24 cm</subfield>
  </datafield>
  <datafield tag="504" ind1=" " ind2=" ">
    <subfield code="a">Includes bibliographical references and index.</subfield>
  </datafield>
  <datafield tag="505" ind1="0" ind2=" ">
    <subfield code="a">Part I. Technology basics -- part II. Nanotechnology products -- part III. Organizing nanotechnology business -- part IV. Wider and longer-term issues.</subfield>
  </datafield>
  <datafield tag="520" ind1=" " ind2=" ">
    <subfield code="a">Applied Nanotechnology takes an integrated approach to the scientific, commercial and social aspects of nanotechnology, exploring: The relationship between nanotechnology and innovationThe changing economics and business models required to commercialize innovations in nanotechnology Product design case studies Applications in various sectors, including information technology, composite materials, energy, and agriculture The role of government in promoting nanotechnology The potential future of molecular self-assembly in industrial production In this 2e, new chapters have been added on energy applications and the role of nanotechnology in sustainability. The section on the safety of nanoproducts has also been updated, and material on funding and commercialization has been updated and expanded, with new case studies illustrating the experience of new startups in a challenging economic environment. A route map for the commercialization of nanotechnology researchDiscusses product design challenges, regulatory issues, and ethical and social implications of nanotechnologyFeatures new case studies on nanotechnology startups in challenging economic times.</subfield>
  </datafield>
  <datafield tag="650" ind1=" " ind2="0">
    <subfield code="a">Nanotechnology.</subfield>
  </datafield>
  <datafield tag="650" ind1=" " ind2="0">
    <subfield code="a">Nanostructured materials industry.</subfield>
  </datafield>
  <datafield tag="906" ind1=" " ind2=" ">
    <subfield code="a">7</subfield>
    <subfield code="b">cbc</subfield>
    <subfield code="c">copycat</subfield>
    <subfield code="d">2</subfield>
    <subfield code="e">ncip</subfield>
    <subfield code="f">20</subfield>
    <subfield code="g">y-gencatlg</subfield>
  </datafield>
  <datafield tag="942" ind1=" " ind2=" ">
    <subfield code="2">ddc</subfield>
    <subfield code="c">BOOK</subfield>
  </datafield>
  <datafield tag="999" ind1=" " ind2=" ">
    <subfield code="c">36266</subfield>
    <subfield code="d">270766</subfield>
  </datafield>
  <datafield tag="952" ind1=" " ind2=" ">
    <subfield code="1">0</subfield>
    <subfield code="2">2014-10-24</subfield>
    <subfield code="4">0</subfield>
    <subfield code="7">0</subfield>
    <subfield code="a">620.5 RJA</subfield>
    <subfield code="b">00405894</subfield>
    <subfield code="d">2014-10-24</subfield>
    <subfield code="h">CL</subfield>
    <subfield code="m">CL</subfield>
    <subfield code="r">2014-10-24 00:00:00</subfield>
    <subfield code="t">BOOK</subfield>
    <subfield code="w">ddc</subfield>
    <subfield code="y">0</subfield>
  </datafield>
  <datafield tag="952" ind1=" " ind2=" ">
    <subfield code="1">0</subfield>
    <subfield code="2">2014-10-24</subfield>
    <subfield code="4">0</subfield>
    <subfield code="7">0</subfield>
    <subfield code="a">620.5 RJA</subfield>
    <subfield code="b">00405894</subfield>
    <subfield code="d">2014-10-24</subfield>
    <subfield code="h">CL</subfield>
    <subfield code="m">CL</subfield>
    <subfield code="r">2014-10-24 00:00:00</subfield>
    <subfield code="t">BOOK</subfield>
    <subfield code="w">ddc</subfield>
    <subfield code="y">0</subfield>
  </datafield>
  <datafield tag="952" ind1=" " ind2=" ">
    <subfield code="1">0</subfield>
    <subfield code="2">2014-10-24</subfield>
    <subfield code="4">0</subfield>
    <subfield code="7">0</subfield>
    <subfield code="a">620.5 RJA</subfield>
    <subfield code="b">00405894</subfield>
    <subfield code="d">2014-10-24</subfield>
    <subfield code="h">CL</subfield>
    <subfield code="m">CL</subfield>
    <subfield code="r">2014-10-24 00:00:00</subfield>
    <subfield code="t">BOOK</subfield>
    <subfield code="w">ddc</subfield>
    <subfield code="y">0</subfield>
  </datafield>
</record>
